| 000 | 00572nam a2200181Ia 4500 | ||
|---|---|---|---|
| 005 | 20250517114712.0 | ||
| 008 | 240822s9999 xx 000 0 und d | ||
| 020 |
_a9789355203212 _qhbk |
||
| 041 | _aeng | ||
| 082 |
_a320.54 _bPAR;1 |
||
| 100 | _aParanjape, Makarand R | ||
| 245 | 0 |
_aJNU Nationalism and India's uncivil war _c/ Makarand Paranjape |
|
| 260 |
_bRupa _cc2022 _aNew Delhi |
||
| 300 | _a 278p | ||
| 504 | _aindex | ||
| 650 | _aSociology; Étudiants Activité politique Inde Histoire; College students Political activity India History | ||
| 942 | _cENGLISH | ||
| 999 |
_c525561 _d525561 |
||